000 00343pab a2200133 454500
008 180718b xxu||||| |||| 00| 0 eng d
100 _aBandivedkar, P.M
245 _aA champion of human rights
650 _a India
650 _a Constituton
650 _aAmbedkar, B.R. - Criticism and Interpretation
773 _aSocial Welfare
909 _a1847
999 _c1847
_d1847